Les pièces de... Voltaire - Statistiques

Statistiques générales
  • Ce quiz a été pris 6 fois
  • Le résultat moyen est 19 sur 53
Statistiques - réponses
Date de création Genre Réponse % Correct
1718 Tragédie (5 actes) Œdipe
100%
1720 Tragédie (5 actes) Artémire
60%
1743 Tragédie (5 actes) Mérope
60%
1760 Tragédie (5 actes) Tancrède
60%
1732 Tragédie (5 actes) Zaïre
60%
1734 Tragédie (5 actes) Adélaïde du Guesclin
40%
1736 Tragédie (5 actes) Alzire ou les Américains
40%
1752 Tragédie (5 actes) Amélie ou le Duc de Foix
40%
1730 Tragédie (5 actes) Brutus
40%
1767 Pièce dramatique Charlot ou la Comtesse de Givry
40%
1732 Tragédie (5 actes) Ériphyle
40%
1724 Tragédie (5 actes) Hérode et Mariamne
40%
1749 Comédie (3 actes, vers) La Femme qui a raison
40%
1725 Divertissement La Fête de Bélébat
40%
1735 Tragédie (3 actes) La Mort de César
40%
1745 Comédie-ballet La Princesse de Navarre
40%
1747 Comédie (5 actes, vers) La Prude
40%
1760 Comédie (5 actes, prose) Le Café ou l'Écossaise
40%
1734 Comédie (3 actes, prose) Le Comte de Boursoufle
40%
1762 Comédie (5 actes, vers) L'Écueil du seigneur ou le Droit du sage
40%
1769 Comédie (5 actes, vers) Le Dépositaire
40%
1751 Tragédie (3 actes) Le Duc d'Alençon ou les Frères ennemis
40%
1741 Tragédie (5 actes) Le Fanatisme ou Mahomet le prophète
40%
1736 Comédie (5 actes, prose) L'Enfant prodigue
40%
1738 Comédie (3 actes, vers) L'Envieux
40%
1732 Comédie (3 actes, prose) Les Originaux ou Monsieur du Cap-Vert
40%
1767 Tragédie (5 actes) Les Scythes
40%
1725 Comédie (1 acte, vers) L'Indiscret
40%
1755 Tragédie (5 actes) L'Orphelin de la Chine
40%
1749 Comédie (3 actes, vers) Nanine ou le Préjugé vaincu
40%
1764 Tragédie (5 actes) Octave et le jeune Pompée ou le Triumvirat
40%
1762 Tragédie (5 actes) Olympie
40%
1750 Tragédie (5 actes) Oreste
40%
1740 Opéra Pandore
40%
1750 Tragédie (5 actes) Rome sauvée ou Catilina
40%
1733 Opéra Samson
40%
1763 Drame Saül
40%
1748 Tragédie (5 actes) Sémiramis
40%
1759 Ouvrage dramatique (3 actes) Socrate
40%
1733 Tragédie en musique Tanis ou Zélide ou les Rois pasteurs
40%
1743 Comédie Thérèse
40%
1740 Tragédie (5 actes) Zulime
40%
1779 Tragédie (5 actes) Agathocle
20%
1778 Tragédie (5 actes) Irène
20%
1769 Opéra buffa Le Baron d'Otrante
20%
1769 Tragédie (5 actes) Les Guèbres ou la Tolérance
20%
1745 Ballet héroïque Le Temple de la Gloire
20%
1774 Tragédie (5 actes) Don Pèdre
0%
1769 Opéra comique Les Deux Tonneaux
0%
1773 Tragédie (5 actes) Les Lois de Minos
0%
1771 Tragédie (5 actes) Les Pélopides ou Atrée et Thyeste
0%
1776 Divertissement L'Hôte et l'Hôtesse
0%
1774 Tragédie (5 actes) Sophonisbe
0%
Aucun quiz correspondant
Distribution des résultats
% des personnes avec chaque résultat
Percentile par nombre de réponses
Votre historique - résultats
Vous n’avez pas pris ce quiz